[Event "Brasilia Viva op"]
[Site "Brasilia"]
[Date "2017.05.01"]
[Round "7"]
[White "Passos, Rafael Moreira"]
[Black "De Paula, Leonardo Morais"]
[Result "0-1"]
[WhiteElo "1480"]
[BlackElo "1733"]
[PlyCount "80"]
[EventDate "2017.04.28"]
[EventType "swiss"]
[EventRounds "7"]
[EventCountry "BRA"]
[SourceTitle "CBM 178 Extra"]
[Source "ChessBase"]
[SourceDate "2017.06.22"]
[SourceVersion "1"]
[SourceVersionDate "2017.06.22"]
[SourceQuality "1"]

1. e4 c5 2. Nf3 d6 3. d4 cxd4 4. Nxd4 Nf6 5. Nc3 a6 6. Bg5 e6 7. f4 Be7 8. Qf3 Nc6 9. Nxc6 bxc6 10. 0-0-0 d5 11. e5 Nd7 12. h4 h6 13. Bxe7 Qxe7 14. g4 Rb8 15. a3 c5 16. Re1 Bb7 17. Qf2 Nf8 18. Bg2 h5 19. Qg3 hxg4 20. Qxg4 g6 21. h5 gxh5 22. Rxh5 Rxh5 23. Qxh5 d4 24. Ne4 Bxe4 25. Bxe4 c4 26. Rd1 Qc5 27. Qh3 c3 28. b4 Qc4 29. Qh4 Rb6 30. Rd3 a5 31. Kd1 axb4 32. axb4 Rxb4 33. f5 Rb1+ 34. Ke2 exf5 35. Bf3 Rc1 36. Qh6 Rxc2+ 37. Ke1 Ng6 38. Rxd4 Qxd4 39. Bc6+ Kd8 40. Qg5+ Ne7 0-1

[Event "BRA-ch Regional Centro Oeste"]
[Site "Brasilia"]
[Date "2016.08.12"]
[Round "2.3"]
[White "Lucena, Lincoln"]
[Black "De Paula, Leonardo Morais"]
[Result "1-0"]
[WhiteElo "2152"]
[BlackElo "1729"]
[PlyCount "89"]
[EventDate "2016.08.12"]
[EventType "swiss"]
[EventRounds "6"]
[EventCountry "BRA"]
[SourceTitle "EXT 2022"]
[Source "ChessBase"]
[SourceDate "2021.10.06"]
[SourceVersion "1"]
[SourceVersionDate "2021.10.06"]
[SourceQuality "1"]

1. Nf3 Nf6 2. c4 g6 3. Nc3 Bg7 4. g3 0-0 5. d4 d6 6. Bg2 c5 7. dxc5 dxc5 8. 0-0 Be6 9. Qxd8 Rxd8 10. Ng5 Bxc4 11. Bxb7 Nbd7 12. Bxa8 Rxa8 13. Rd1 Rb8 14. Rb1 h6 15. b3 Ba6 16. Nf3 Nf8 17. Bf4 Rc8 18. Rd2 Ne6 19. Be5 Bb7 20. Rbd1 Kh7 21. h3 a5 22. Bxf6 Bxf6 23. Nd5 Bxd5 24. Rxd5 a4 25. e3 axb3 26. axb3 c4 27. Rc1 c3 28. Nd4 Nxd4 29. exd4 Bg5 30. f4 Bf6 31. Rc2 Rc7 32. Kf2 e6 33. Re5 Bxe5 34. fxe5 g5 35. g4 Kg6 36. Ke3 h5 37. Kd3 hxg4 38. hxg4 Rc8 39. Rxc3 Rh8 40. b4 Rh3+ 41. Kc4 Rh1 42. b5 Rg1 43. b6 Rb1 44. Rb3 Rc1+ 45. Kb5 1-0

[Event "Goiania CXG U2200 op"]
[Site "Goiania"]
[Date "2016.07.02"]
[Round "3"]
[White "Santos, Luciano da Silva"]
[Black "De Paula, Leonardo Morais"]
[Result "0-1"]
[WhiteElo "1909"]
[BlackElo "1711"]
[PlyCount "70"]
[EventDate "2016.07.02"]
[EventType "swiss"]
[EventRounds "5"]
[EventCountry "BRA"]
[SourceTitle "CBM 173 Extra"]
[Source "ChessBase"]
[SourceDate "2016.08.29"]
[SourceVersion "1"]
[SourceVersionDate "2016.08.29"]
[SourceQuality "1"]

1. e4 c5 2. Nf3 d6 3. d4 cxd4 4. Nxd4 Nf6 5. Nc3 a6 6. Be2 e6 7. Be3 Be7 8. 0-0 0-0 9. Qd2 Nbd7 10. f4 Qc7 11. Bf3 Rb8 12. g4 b5 13. a3 Bb7 14. g5 Ne8 15. Rad1 Nb6 16. Qg2 Nc4 17. Bc1 e5 18. Nf5 exf4 19. Bxf4 Nxb2 20. Nd5 Bxd5 21. Rxd5 Nc4 22. Bc1 g6 23. Nh6+ Kg7 24. Ng4 Qd8 25. Qh3 Nc7 26. Qh6+ Kg8 27. Rdd1 Ne6 28. h4 Re8 29. Be2 Bf8 30. Nf6+ Qxf6 31. Rxf6 Bxh6 32. gxh6 Nc5 33. Bxc4 bxc4 34. Rfxd6 Nxe4 35. R6d4 Nc3 0-1

[Event "Brasilia Terraviva op"]
[Site "Brasilia"]
[Date "2016.04.23"]
[Round "4"]
[White "Dos Santos, Haroldo Cunha Jr"]
[Black "De Paula, Leonardo Morais"]
[Result "1-0"]
[WhiteElo "2132"]
[BlackElo "1678"]
[PlyCount "75"]
[EventDate "2016.04.21"]
[EventType "swiss"]
[EventRounds "7"]
[EventCountry "BRA"]
[SourceTitle "CBM 172 Extra"]
[Source "ChessBase"]
[SourceDate "2016.06.21"]
[SourceVersion "1"]
[SourceVersionDate "2016.06.21"]
[SourceQuality "1"]

1. d4 Nf6 2. Nf3 g6 3. Bf4 d6 4. e3 Bg7 5. Be2 0-0 6. 0-0 Be6 7. c4 c5 8. Nc3 cxd4 9. exd4 d5 10. c5 Nc6 11. h3 Rc8 12. a3 Bf5 13. b4 Ne4 14. Rc1 Nxc3 15. Rxc3 Be4 16. Ne5 Nxe5 17. dxe5 Qc7 18. Qd4 f6 19. exf6 Bxf6 20. Qe3 e5 21. Bh6 Bg7 22. Bxg7 Qxg7 23. Rcc1 Bf5 24. Rfe1 Rfe8 25. Bb5 Re7 26. Rcd1 d4 27. Rxd4 exd4 28. Qxe7 Qxe7 29. Rxe7 d3 30. Re8+ Rxe8 31. Bxe8 d2 32. Ba4 Bd3 33. Bd1 Kf7 34. f4 Kf6 35. Kf2 Kf5 36. Ke3 Bf1 37. g4+ Kf6 38. h4 1-0

[Event "Brasilia Terraviva op"]
[Site "Brasilia"]
[Date "2016.04.23"]
[Round "5"]
[White "Rabelo, Jose Carlos Vargas"]
[Black "De Paula, Leonardo Morais"]
[Result "1/2-1/2"]
[WhiteElo "1598"]
[BlackElo "1678"]
[PlyCount "118"]
[EventDate "2016.04.21"]
[EventType "swiss"]
[EventRounds "7"]
[EventCountry "BRA"]
[SourceTitle "CBM 172 Extra"]
[Source "ChessBase"]
[SourceDate "2016.06.21"]
[SourceVersion "1"]
[SourceVersionDate "2016.06.21"]
[SourceQuality "1"]

1. d4 Nf6 2. Nf3 g6 3. g3 Bg7 4. Bg2 d6 5. 0-0 0-0 6. Bg5 c5 7. c3 Nc6 8. Na3 cxd4 9. cxd4 Ne4 10. Be3 d5 11. Rc1 e5 12. dxe5 Nxe5 13. Nxe5 Bxe5 14. Bd4 Qf6 15. Nb5 Be6 16. Bxe5 Qxe5 17. Qd4 Qxd4 18. Nxd4 Nd6 19. Rc5 Rac8 20. Rfc1 Rxc5 21. Rxc5 Rc8 22. Rxc8+ Nxc8 23. Nb5 a6 24. Nc3 Ne7 25. e3 b5 26. a3 Kf8 27. Kf1 Ke8 28. Ke2 Kd7 29. Kd3 Kd6 30. b4 Nc6 31. f4 Ne7 32. Kd4 h5 33. e4 dxe4 34. Nxe4+ Kc7 35. Nc5 Bc8 36. Ke5 Ng8 37. Be4 f6+ 38. Kd4 Ne7 39. Bc2 Nc6+ 40. Kd5 Ne7+ 41. Kd4 Nc6+ 42. Ke3 Ne7 43. Be4 Kb6 44. Kd4 Kc7 45. Bd5 Nf5+ 46. Kd3 Ne7 47. Ke4 Bf5+ 48. Kd4 Bc8 49. Ne4 Nxd5 50. Kxd5 Bb7+ 51. Kd4 Bxe4 52. Kxe4 Kc6 53. h4 Kd6 54. f5 g5 55. Kd4 g4 56. Ke4 Kc6 57. Kd4 Kd6 58. Ke4 Kc6 59. Kd4 Kd6 1/2-1/2

[Event "Brasilia Terraviva op"]
[Site "Brasilia"]
[Date "2016.04.22"]
[Round "3"]
[White "De Paula, Leonardo Morais"]
[Black "Lukachewski Junior, Wanderlei"]
[Result "0-1"]
[WhiteElo "1678"]
[BlackElo "2042"]
[PlyCount "90"]
[EventDate "2016.04.21"]
[EventType "swiss"]
[EventRounds "7"]
[EventCountry "BRA"]
[SourceTitle "CBM 172 Extra"]
[Source "ChessBase"]
[SourceDate "2016.06.21"]
[SourceVersion "1"]
[SourceVersionDate "2016.06.21"]
[SourceQuality "1"]

1. e4 c5 2. Nf3 d6 3. d4 cxd4 4. Nxd4 Nf6 5. Nc3 g6 6. Be2 Bg7 7. Be3 0-0 8. Qd2 Nc6 9. Nxc6 bxc6 10. 0-0 Be6 11. Bh6 Rb8 12. Bxg7 Kxg7 13. Rab1 Qa5 14. Qc1 Qe5 15. Qe3 Qa5 16. a3 Qb6 17. Qxb6 Rxb6 18. f4 Rfb8 19. f5 Bc8 20. b3 Ba6 21. Bxa6 Rxa6 22. a4 Rb4 23. fxg6 hxg6 24. Rbe1 Ra5 25. Re3 Ng4 26. Rg3 Rc5 27. h3 Ne5 28. Re1 Rd4 29. Re2 Nd3 30. Rd2 Rxc3 31. Rgxd3 Rdxd3 32. Rxd3 Rxc2 33. e5 d5 34. Rd4 a5 35. b4 axb4 36. Rxb4 c5 37. Rb7 e6 38. a5 Ra2 39. Ra7 c4 40. a6 c3 41. Rc7 d4 42. a7 Rxa7 43. Rxa7 c2 44. Rc7 d3 45. Kf1 d2 0-1

[Event "Brasilia Ascade op"]
[Site "Brasilia"]
[Date "2016.01.31"]
[Round "4"]
[White "Labussiere, Yago"]
[Black "De Paula, Leonardo Morais"]
[Result "1-0"]
[WhiteElo "1515"]
[BlackElo "1719"]
[PlyCount "49"]
[EventDate "2016.01.29"]
[EventType "swiss"]
[EventRounds "5"]
[EventCountry "BRA"]
[SourceTitle "CBM 170 Extra"]
[Source "ChessBase"]
[SourceDate "2016.02.25"]
[SourceVersion "1"]
[SourceVersionDate "2016.02.25"]
[SourceQuality "1"]

1. Nf3 Nf6 2. c4 g6 3. Nc3 Bg7 4. e4 d6 5. d4 0-0 6. Be2 Nbd7 7. Be3 Ng4 8. Bg5 c5 9. h3 cxd4 10. Nxd4 Ngf6 11. Qd2 Re8 12. 0-0 Nc5 13. Bf3 Ne6 14. Be3 a6 15. Nd5 Nc5 16. e5 Nxd5 17. Bxd5 Bxe5 18. f4 Bg7 19. f5 gxf5 20. Nxf5 Bxf5 21. Bxf7+ Kxf7 22. Rxf5+ Kg8 23. Bh6 Bxh6 24. Qxh6 Qb6 25. Rg5+ 1-0

[Event "Brasilia-ch op"]
[Site "Brasilia"]
[Date "2015.11.02"]
[Round "6"]
[White "De Paula, Leonardo Morais"]
[Black "Nascimento, Davi da Silva"]
[Result "0-1"]
[WhiteElo "1704"]
[BlackElo "2136"]
[PlyCount "52"]
[EventDate "2015.10.30"]
[EventType "swiss"]
[EventRounds "7"]
[EventCountry "BRA"]
[SourceTitle "CBM 169 Extra"]
[Source "ChessBase"]
[SourceDate "2015.12.18"]
[SourceVersion "1"]
[SourceVersionDate "2015.12.18"]
[SourceQuality "1"]

1. e4 c5 2. Nf3 e6 3. d4 cxd4 4. Nxd4 Nc6 5. Nxc6 bxc6 6. c4 Nf6 7. e5 Qa5+ 8. Nc3 Qxe5+ 9. Qe2 Qxe2+ 10. Bxe2 Bb4 11. Bd2 0-0 12. a3 Bc5 13. b4 Bd4 14. Rd1 d5 15. 0-0 e5 16. cxd5 cxd5 17. Nb5 Bb6 18. a4 a5 19. bxa5 Bxa5 20. Bg5 Ne4 21. Be7 Re8 22. Bd6 Bb7 23. Nc7 Bxc7 24. Bxc7 Nc3 25. Bb5 Re7 26. Bd6 Re6 0-1

[Event "Brasilia-ch op"]
[Site "Brasilia"]
[Date "2015.11.01"]
[Round "4"]
[White "De Paula, Leonardo Morais"]
[Black "Maciel, Diogo Alves"]
[Result "1/2-1/2"]
[WhiteElo "1704"]
[BlackElo "1931"]
[PlyCount "81"]
[EventDate "2015.10.30"]
[EventType "swiss"]
[EventRounds "7"]
[EventCountry "BRA"]
[SourceTitle "CBM 169 Extra"]
[Source "ChessBase"]
[SourceDate "2015.12.18"]
[SourceVersion "1"]
[SourceVersionDate "2015.12.18"]
[SourceQuality "1"]

1. e4 e5 2. Nf3 Nf6 3. Nxe5 d6 4. Nf3 Nxe4 5. Nc3 Nxc3 6. dxc3 Be7 7. Be3 Nc6 8. Be2 0-0 9. Qd2 b6 10. 0-0-0 Bb7 11. h4 Ne5 12. Nxe5 dxe5 13. Qxd8 Raxd8 14. Rxd8 Rxd8 15. f3 h5 16. Bd3 g6 17. Bf2 f5 18. Re1 Bf6 19. Bg3 Re8 20. Bc4+ Kg7 21. Rd1 Bc6 22. Bd5 Bxd5 23. Rxd5 Kf7 24. Rd7+ Re7 25. Rxe7+ Kxe7 26. c4 f4 27. Bf2 Ke6 28. Kd2 e4 29. fxe4 Bxb2 30. c3 Ba3 31. Ke2 Bc5 32. Bd4 Be7 33. Bf2 c5 34. Kf3 g5 35. hxg5 Bxg5 36. Be1 Ke5 37. a4 h4 38. Bd2 a6 39. Bc1 Bh6 40. Ba3 Bg7 41. Bc1 1/2-1/2

[Event "Brasilia-ch op"]
[Site "Brasilia"]
[Date "2015.10.31"]
[Round "3"]
[White "Sa, Antonio Villar Marq"]
[Black "De Paula, Leonardo Morais"]
[Result "1-0"]
[WhiteElo "1935"]
[BlackElo "1704"]
[PlyCount "65"]
[EventDate "2015.10.30"]
[EventType "swiss"]
[EventRounds "7"]
[EventCountry "BRA"]
[SourceTitle "CBM 169 Extra"]
[Source "ChessBase"]
[SourceDate "2015.12.18"]
[SourceVersion "1"]
[SourceVersionDate "2015.12.18"]
[SourceQuality "1"]

1. e4 c5 2. Nf3 Nc6 3. d4 cxd4 4. Nxd4 g6 5. Be3 Bg7 6. Nc3 Nf6 7. Be2 0-0 8. Qd2 d5 9. exd5 Nxd5 10. Nxd5 Qxd5 11. Bf3 Qa5 12. Nxc6 Qxd2+ 13. Bxd2 bxc6 14. 0-0-0 Rb8 15. b3 c5 16. Be3 Bd4 17. Bxd4 cxd4 18. Rxd4 Be6 19. Rhd1 Rfc8 20. R1d2 Rc3 21. Kb2 Rbc8 22. Rd8+ Kg7 23. Rxc8 Rxc8 24. c4 Rc5 25. Kc3 a5 26. Rd8 Kf6 27. Kd4 Rf5 28. Ra8 g5 29. Ke3 Re5+ 30. Be4 Bd7 31. Ra6+ Kg7 32. Kd4 f6 33. c5 1-0

[Event "Brasilia FBX Nova Geracao U1800"]
[Site "Brasilia"]
[Date "2015.07.26"]
[Round "4.1"]
[White "De Paula, Leonardo Morais"]
[Black "Zandonai Ignacio, Antonio Carlos"]
[Result "1/2-1/2"]
[WhiteElo "1664"]
[BlackElo "1783"]
[PlyCount "51"]
[EventDate "2015.07.25"]
[EventType "swiss"]
[EventRounds "5"]
[EventCountry "BRA"]
[SourceTitle "EXT 2022"]
[Source "ChessBase"]
[SourceDate "2021.10.06"]
[SourceVersion "1"]
[SourceVersionDate "2021.10.06"]
[SourceQuality "1"]

1. d4 Nf6 2. c4 g6 3. Nc3 Bg7 4. e4 d6 5. f3 0-0 6. Be3 Nbd7 7. Qd2 c5 8. Nge2 Rb8 9. Rd1 cxd4 10. Nxd4 a6 11. Be2 Qc7 12. 0-0 Ne5 13. Nd5 Nxd5 14. cxd5 Qd8 15. Rc1 Bd7 16. h3 Be8 17. Kh1 Nd7 18. Bh6 Bxh6 19. Qxh6 Qa5 20. b3 Nc5 21. Qh4 f6 22. Qg3 Bd7 23. Rc2 Kh8 24. Rb1 Qb6 25. Qf2 Rbc8 26. Bc4 1/2-1/2

[Event "Brasilia FBX Nova Geracao U1800"]
[Site "Brasilia"]
[Date "2015.07.26"]
[Round "5.1"]
[White "Rabelo, Jose Carlos Vargas"]
[Black "De Paula, Leonardo Morais"]
[Result "0-1"]
[WhiteElo "1596"]
[BlackElo "1664"]
[PlyCount "64"]
[EventDate "2015.07.25"]
[EventType "swiss"]
[EventRounds "5"]
[EventCountry "BRA"]
[SourceTitle "EXT 2022"]
[Source "ChessBase"]
[SourceDate "2021.10.06"]
[SourceVersion "1"]
[SourceVersionDate "2021.10.06"]
[SourceQuality "1"]

1. e4 c5 2. Nf3 Nc6 3. d4 cxd4 4. Nxd4 g6 5. Be3 Bg7 6. Be2 Nf6 7. Nd2 0-0 8. 0-0 d5 9. exd5 Nxd5 10. Nxc6 bxc6 11. c3 Nxe3 12. fxe3 Be6 13. Bc4 Qb6 14. Bb3 Qxe3+ 15. Rf2 Rad8 16. Qe2 Bh6 17. Nf1 Qxe2 18. Rxe2 Rd6 19. Bxe6 fxe6 20. Rae1 Rb8 21. b3 Bg7 22. Rxe6 Bxc3 23. R1e4 Rxe6 24. Rxe6 Rf8 25. g3 Bd4+ 26. Ne3 Rf3 27. Rxe7 Rxe3 28. Rxe3 Bxe3+ 29. Kg2 Kf7 30. Kf3 Bc5 31. Ke4 Ke6 32. g4 g5 0-1

[Event "Brasilia FBX Nova Geracao U1800"]
[Site "Brasilia"]
[Date "2015.07.25"]
[Round "3.4"]
[White "De Paula, Leonardo Morais"]
[Black "De Moraes Silva, Marcos Vinicius"]
[Result "1-0"]
[WhiteElo "1664"]
[BlackElo "1490"]
[PlyCount "75"]
[EventDate "2015.07.25"]
[EventType "swiss"]
[EventRounds "5"]
[EventCountry "BRA"]
[SourceTitle "EXT 2022"]
[Source "ChessBase"]
[SourceDate "2021.10.06"]
[SourceVersion "1"]
[SourceVersionDate "2021.10.06"]
[SourceQuality "1"]

1. d4 c6 2. e4 d5 3. exd5 cxd5 4. Nf3 g6 5. Bd3 Bg7 6. Bf4 Nc6 7. c3 e6 8. Na3 a6 9. 0-0 Nge7 10. Qd2 0-0 11. Bh6 Qd6 12. Bxg7 Kxg7 13. Rae1 b5 14. Nc2 Rb8 15. Ne3 b4 16. Ng4 Ng8 17. Nfe5 bxc3 18. bxc3 f5 19. Nxc6 Qxc6 20. Ne5 Qd6 21. h4 Nf6 22. Qg5 Rb7 23. Re3 Rc7 24. h5 Nxh5 25. Rh3 Nf6 26. Rh6 Ng4 27. Nxg4 fxg4 28. Bxg6 Kh8 29. Qh5 Qe7 30. Qe5+ Qg7 31. Rxh7+ Kg8 32. Rxg7+ Rxg7 33. Bd3 Rgf7 34. f3 gxf3 35. Rxf3 Rxf3 36. gxf3 Rf7 37. Qb8 Rf8 38. Qc7 1-0

[Event "Goiania-ch Phase 03"]
[Site "Goiania"]
[Date "2014.08.08"]
[Round "2"]
[White "Rosa, Paulo Estevao"]
[Black "De Paula, Leonardo Morais"]
[Result "1-0"]
[WhiteElo "1703"]
[BlackElo "1828"]
[PlyCount "35"]
[EventDate "2014.08.08"]
[EventType "swiss"]
[EventRounds "6"]
[EventCountry "BRA"]
[SourceTitle "CBM 162 Extra"]
[Source "ChessBase"]
[SourceDate "2014.10.17"]
[SourceVersion "1"]
[SourceVersionDate "2014.10.17"]
[SourceQuality "1"]

1. e3 e5 2. c4 Nc6 3. b3 Nf6 4. Bb2 e4 5. Nc3 Bc5 6. d3 exd3 7. Bxd3 d6 8. Nf3 Bg4 9. Be2 Qe7 10. 0-0 0-0-0 11. Nd5 Nxd5 12. Qxd5 Bxf3 13. Bxf3 f6 14. a3 Rde8 15. b4 Bb6 16. a4 Nd8 17. a5 c6 18. Qf5+ 1-0

[Event "Goiania-ch Phase 02"]
[Site "Goiania"]
[Date "2014.05.24"]
[Round "4"]
[White "Bocca, Edson Ricardo"]
[Black "De Paula, Leonardo Morais"]
[Result "1/2-1/2"]
[WhiteElo "1585"]
[BlackElo "1828"]
[PlyCount "36"]
[EventDate "2014.05.23"]
[EventType "swiss"]
[EventRounds "6"]
[EventCountry "BRA"]
[SourceTitle "EXT 2016"]
[Source "ChessBase"]
[SourceDate "2015.10.08"]
[SourceVersion "1"]
[SourceVersionDate "2015.10.08"]
[SourceQuality "1"]

1. e4 e5 2. Nc3 Nf6 3. Bc4 Bb4 4. Bd3 0-0 5. Nf3 Nc6 6. 0-0 Bxc3 7. dxc3 d5 8. exd5 Nxd5 9. Be4 Nde7 10. Bxc6 Nxc6 11. Be3 Bf5 12. Qxd8 Raxd8 13. Rac1 f6 14. h3 b6 15. a3 Ne7 16. c4 c5 17. g4 Be4 18. Nd2 Bb7 1/2-1/2

[Event "Goiania-ch Phase 02"]
[Site "Goiania"]
[Date "2014.05.23"]
[Round "1"]
[White "De Paula, Leonardo Morais"]
[Black "De Paula, Guilherme Bueno"]
[Result "0-1"]
[WhiteElo "1828"]
[BlackElo "1972"]
[PlyCount "72"]
[EventDate "2014.05.23"]
[EventType "swiss"]
[EventRounds "6"]
[EventCountry "BRA"]
[SourceTitle "EXT 2016"]
[Source "ChessBase"]
[SourceDate "2015.10.08"]
[SourceVersion "1"]
[SourceVersionDate "2015.10.08"]
[SourceQuality "1"]

1. e4 d5 2. exd5 Nf6 3. d4 Nxd5 4. c4 Nb4 5. Qa4+ N8c6 6. d5 b5 7. cxb5 Nd4 8. Na3 e5 9. dxe6 Bxe6 10. Bd2 Qe7 11. 0-0-0 Qc5+ 12. Bc3 Nxa2+ 13. Kb1 Nxc3+ 14. bxc3 Qxc3 15. Rxd4 Qxa3 16. Qxa3 Bxa3 17. Bc4 Bf5+ 18. Ka2 Bd6 19. Nf3 0-0 20. Bd5 Rae8 21. Re1 Rxe1 22. Nxe1 Re8 23. Nf3 Re2+ 24. Rd2 Rxd2+ 25. Nxd2 Bxh2 26. g3 Bg1 27. f3 Kf8 28. Ne4 h6 29. g4 Bd7 30. Bc4 Ke7 31. Kb3 Bd4 32. Ng3 Be5 33. Nf5+ Bxf5 34. gxf5 h5 35. Bd5 Bf4 36. Bc4 Kf6 0-1